000 00376 a2200157 4500
001 70916
020 _a9788506004166
040 _cAnchieta - Itaigara
100 _aSecco, PatrĂ­ci Engel
240 1 0 _aO maior tesouro da humanidade
_lpor
245 1 0 _aO maior tesouro da humanidade
300 _a72
362 0 _a2012
650 4 _aLiteratura infanto-juvenil
942 _cBK
999 _c70916
_d70916